00826nam a2200217 a 450000100100000000500170001000800410002702000150006804000250008308200150010810000360012324500850015926000490024430000300029350000410032350000670036465000320043104900090046395201190047299900170059100002175120200930011433.0100910s1997 pr b r 000 0 spa d a1563281031 aDO-SdBNPbspacBNPHU a460bG216a1 aGarcía Cabrera, Estela94520310aAbriendo caminos :bEl español como segundo idioma /cEstela García Cabrera. aSan Juan, Puerto Rico :bPlaza Mayor,c1997. a749 p. :bmaps. ;c27 cm. aIncluye bibliografía p. [747-749]. aIncluye referencia biográfica del autor en la contraportada. 4aEspañolxEnseñanza9406 aBNGR 001054708MOaGRbGRcCTd2010-09-10iLF1l0o460 G216ap21751-10r2020-06-25w2020-06-25y4ZPréstamo en sala c21250d21250